Keats-Shelley Journal
محفوظ في:
التنسيق: دورية
اللغة: Undetermined
منشور في:
JSTOR
Keats-Shelley Association of America, Inc.
الموضوعات:
الوصول للمادة أونلاين: Login to view Source
الوسوم: إضافة وسم
لا توجد وسوم, كن أول من يضع وسما على هذه التسجيلة!
رقم الطلب:
| LEADER | 00531nas a2200169Ia 4500 | ||
|---|---|---|---|
| 008 | 220214c99999999xx |||||||||||| ||und|| | ||
| 022 | |a 0453-4387 | ||
| 022 | |a 2328-112X | ||
| 245 | 0 | 0 | |a Keats-Shelley Journal |
| 264 | 1 | |b JSTOR | |
| 264 | 1 | |b Keats-Shelley Association of America, Inc. | |
| 362 | 0 | |a Vol. 1(1952)-66 (2017) | |
| 653 | 1 | 0 | |a Language & Literature |
| 856 | 4 | 0 | |u https://www.jstor.org/journal/keatsshelleyj |
| 942 | |c JL | ||
| 952 | |0 0 |1 0 |4 0 |7 1 |9 36003 |a JSR |b JSR |d 2022-02-14 |l 0 |r 2022-02-14 00:00:00 |w 2022-02-14 |y JL | ||
| 999 | |c 44336 |d 44336 | ||
